I Jornades sobre la recerca en els sistemes naturals de Collserola : aplicacions a la gestió del Parc aplicacions a la gestió del Parc
ISBN:
84-605-9579-x
Descripción Física:
290 p : gràf. ; 30 cm
MARC
| LEADER | 00000nam a2200000Ia 4500 | ||
|---|---|---|---|
| 001 | 19200 | ||
| 003 | BGR | ||
| 005 | 20260324180051.0 | ||
| 008 | 160829s2000 xx 000 0 cat d | ||
| 020 | |a 84-605-9579-x | ||
| 080 | |a C-2-510 | ||
| 111 | |a Jornades de Recerca en els sistemes naturals de Collserola. Aplicacions a la gestió del Parc |9 71263 |c (Collserola : |d 1998) | ||
| 245 | |a I Jornades sobre la recerca en els sistemes naturals de Collserola : |b aplicacions a la gestió del Parc | ||
| 260 | |a Barcelona : |b Consorci del Parc de Collserola, |c 2000 | ||
| 300 | |a 290 p : |b gràf. ; |c 30 cm | ||
| 590 | |a Celebrat el 22 i 23 d'octubre de 1998 a Can Coll, Parc de Collserola. | ||
| 650 | |a Parc de Collserola |x Congressos |9 45310 | ||
| 650 | |a Natura, Estudi de la |x Parc de Collserola |9 45311 | ||
| 650 | |a Monuments naturals |x Parc de Collserola I |9 45312 | ||
| 650 | 0 | |a Fauna |z Parc Natural de Collserola (Catalunya) |9 45313 | |
| 901 | |a Arxiu | ||
| 942 | |n 1 |2 udc |c JC | ||
| 952 | |0 0 |1 0 |4 0 |6 C2510 |7 1 |9 52501 |a Arxiu |b Arxiu |d 2016-12-01 |l 0 |o C-2-510 |p 19200 |r 2016-12-01 00:00:00 |w 2016-12-01 |y ARXIU | ||
| 999 | |c 56349 |d 56349 | ||